<?xml version="1.0" encoding="UTF-8"?>
<record
    xmlns:xsi="http://www.w3.org/2001/XMLSchema-instance"
    xsi:schemaLocation="http://www.loc.gov/MARC21/slim http://www.loc.gov/standards/marcxml/schema/MARC21slim.xsd"
    xmlns="http://www.loc.gov/MARC21/slim">

  <leader>01297nam a2200313 a 4500</leader>
  <controlfield tag="001">BRL_865</controlfield>
  <controlfield tag="005">20190320210930.0</controlfield>
  <controlfield tag="008">211013s1986----cn-ao#####---#000-0#eng-#</controlfield>
  <datafield tag="020" ind1=" " ind2=" ">
    <subfield code="a">0774802642</subfield>
  </datafield>
  <datafield tag="041" ind1=" " ind2=" ">
    <subfield code="a">eng</subfield>
  </datafield>
  <datafield tag="044" ind1=" " ind2=" ">
    <subfield code="a">cn</subfield>
  </datafield>
  <datafield tag="050" ind1=" " ind2="4">
    <subfield code="a">E78.N78</subfield>
    <subfield code="b">.J46 1986</subfield>
  </datafield>
  <datafield tag="100" ind1="1" ind2=" ">
    <subfield code="a">Jensen, Doreen</subfield>
    <subfield code="d">1933-</subfield>
    <subfield code="9">25173</subfield>
  </datafield>
  <datafield tag="245" ind1="1" ind2="0">
    <subfield code="a">Robes of Power</subfield>
    <subfield code="b">Totem Poles on Cloth</subfield>
    <subfield code="c">Doreen Jensen and Polly Sargent ; chief researcher Jean McLaughlin ; foreword by Michael M. Ames.</subfield>
  </datafield>
  <datafield tag="260" ind1=" " ind2=" ">
    <subfield code="a">Vancouver, Canada</subfield>
    <subfield code="b">The University of British Columbia Press ; The UBC Museum of Anthropology</subfield>
    <subfield code="c">1986</subfield>
  </datafield>
  <datafield tag="300" ind1=" " ind2=" ">
    <subfield code="a">viii, 86 p.</subfield>
    <subfield code="b">il. (algunas a color)</subfield>
    <subfield code="c">25 cm.</subfield>
  </datafield>
  <datafield tag="440" ind1=" " ind2="0">
    <subfield code="a">Museum note</subfield>
    <subfield code="v">17</subfield>
    <subfield code="9">25174</subfield>
  </datafield>
  <datafield tag="500" ind1=" " ind2=" ">
    <subfield code="a">Au974</subfield>
  </datafield>
  <datafield tag="504" ind1=" " ind2=" ">
    <subfield code="a">Bibliograf&#xED;a: p. 83-84</subfield>
  </datafield>
  <datafield tag="650" ind1="1" ind2="4">
    <subfield code="a">Ind&#xED;genas de America del Norte</subfield>
    <subfield code="x">Indumentaria</subfield>
    <subfield code="z">Costa Noroeste de Am&#xE9;rica del Norte</subfield>
    <subfield code="9">25175</subfield>
  </datafield>
  <datafield tag="650" ind1="1" ind2="4">
    <subfield code="a">Ind&#xED;genas de America del Norte</subfield>
    <subfield code="x">Ritos y ceremonias</subfield>
    <subfield code="z">Costa Noroeste de Am&#xE9;rica del Norte</subfield>
    <subfield code="9">25176</subfield>
  </datafield>
  <datafield tag="650" ind1="1" ind2="4">
    <subfield code="a">Arte ind&#xED;gena</subfield>
    <subfield code="z">Costa Noroeste de Am&#xE9;rica del Norte</subfield>
    <subfield code="9">25108</subfield>
  </datafield>
  <datafield tag="650" ind1="1" ind2="4">
    <subfield code="a">Ind&#xED;genas de America del Norte</subfield>
    <subfield code="x">Prendas de vestir</subfield>
    <subfield code="z">Costa Noroeste de Am&#xE9;rica del Norte</subfield>
    <subfield code="9">25177</subfield>
  </datafield>
  <datafield tag="700" ind1="1" ind2=" ">
    <subfield code="a">Sargent, Polly</subfield>
    <subfield code="9">25178</subfield>
  </datafield>
  <datafield tag="700" ind1="1" ind2=" ">
    <subfield code="a">McLaughlin, Jean</subfield>
    <subfield code="9">25179</subfield>
  </datafield>
  <datafield tag="700" ind1="1" ind2=" ">
    <subfield code="a">Ames, Michael M.</subfield>
    <subfield code="9">25180</subfield>
  </datafield>
  <datafield tag="902" ind1=" " ind2=" ">
    <subfield code="a">GRL</subfield>
  </datafield>
  <datafield tag="942" ind1=" " ind2=" ">
    <subfield code="2">lcc</subfield>
    <subfield code="c">B</subfield>
  </datafield>
  <datafield tag="999" ind1=" " ind2=" ">
    <subfield code="c">9677</subfield>
    <subfield code="d">9677</subfield>
  </datafield>
  <datafield tag="952" ind1=" " ind2=" ">
    <subfield code="0">0</subfield>
    <subfield code="1">0</subfield>
    <subfield code="4">0</subfield>
    <subfield code="7">0</subfield>
    <subfield code="a">BRL</subfield>
    <subfield code="b">BRL</subfield>
    <subfield code="d">2013-10-21</subfield>
    <subfield code="i">Au974</subfield>
    <subfield code="l">0</subfield>
    <subfield code="o">E78.N78 .J46 1986 (Au974)</subfield>
    <subfield code="p">GRL00934</subfield>
    <subfield code="r">2019-03-22 00:00:00</subfield>
    <subfield code="w">2019-03-22</subfield>
    <subfield code="y">B</subfield>
  </datafield>
</record>
